000 00525nam a2200181Ia 4500
001 11883
005 20260306162901.0
008 260306t2018||||xx |||||||||||||| ||spa||
041 _aESP
082 _aHR 200
_bN° 11 2018 SC
110 _aDiócesis de Córdoba
245 0 _aStudia Cordubensia :
_brevista de teología y ciencias religiosas de los centros académicos de la Diócesis de Córdoba
260 _c2018
300 _a368 páginas :
_c24 cm.
650 _aGEN
654 _aCHU
942 _cREV
_dJUS
_fJUS
_2ddc
_n
999 _c11883
_d11883